000 00809nam a2200193Ii 4500
003 JO-AjNU
008 230605s9999||||xx |||||||||||||| ||und||
040 _aJO-AjNU
_bara
_erda
_cJO-AjNU
041 _aara
050 1 4 _aPJ6141.5.Y3964
100 3 _aتاليف اليازجي، ناصيف؛ م.مشارك خالد كامل الطعاني,
_eauthor
_915846
245 0 0 _aفصل الخطاب في أصول لغة الأعراب: التصريف(ابنية الكلام وأحكامها):النحو(إعراب الكلام وأحكامة)
264 3 1 _aد.م:دار الكتاب/دار المتنبي، 1900
300 _a151ص
336 _atext
_btxt
_2rdacontent
337 _aunmediated
_bn
_2rdamedia
338 _avolume
_bnc
_2rdacarrier
650 4 _aالتصريف-النحو-لغة الاعراب
_915847
999 _aA4569
_c8137
_d8137